ARRUPE JESUIT UNIVERSITY

CORONAVIRUS -STOP THE SPREAD - CLEAN,DISINFECT,COVER

Enlightenment and Despair (Record no. 13238)

MARC details
000 -LEADER
fixed length control field 00540nam a2200229Ia 4500
003 - CONTROL NUMBER IDENTIFIER
control field 0100
005 - DATE AND TIME OF LATEST TRANSACTION
control field 20190718103821.0
008 - FIXED-LENGTH DATA ELEMENTS--GENERAL INFORMATION
fixed length control field 130303s9999 xx 000 0 und d
020 ## - INTERNATIONAL STANDARD BOOK NUMBER
International Standard Book Number 521337216
040 ## - CATALOGING SOURCE
Transcribing agency ARRUPELIB
050 ## - LIBRARY OF CONGRESS CALL NUMBER
Classification number HM24.H391986
300 ## - PHYSICAL DESCRIPTION
Other physical details 23cm
100 ## - MAIN ENTRY--PERSONAL NAME
Personal name Hawthorn, Geoffrey
9 (RLIN) 47257
245 ## - TITLE STATEMENT
Title Enlightenment and Despair
245 ## - TITLE STATEMENT
Remainder of title A history of social theory
260 ## - PUBLICATION, DISTRIBUTION, ETC. (IMPRINT)
Place of publication, distribution, etc Cambridge
Name of publisher, distributor, etc Cambridge University press
Date of publication, distribution, etc 1987
300 ## - PHYSICAL DESCRIPTION
Extent 309p.
650 ## - SUBJECT ADDED ENTRY--TOPICAL TERM
Topical term following geographic name as entry element Sociology Sociology
General subdivision United States
9 (RLIN) 47258
700 ## - ADDED ENTRY--PERSONAL NAME
Personal name by Geoffrey Hawthorn
9 (RLIN) 47259
942 00 - ADDED ENTRY ELEMENTS (KOHA)
Koha issues (borrowed), all copies 1
Source of classification or shelving scheme Library of Congress Classification
Koha item type Monograph ( Printed materials)
Holdings
Withdrawn status Lost status Source of classification or shelving scheme Damaged status Not for loan Collection code Home library Current library Shelving location Date acquired Total Checkouts Full call number Barcode Date last seen Date checked out Copy number Price effective from Koha item type
    Library of Congress Classification     Main Collection ARRUPE LIBRARY ARRUPE LIBRARY   04/03/2013 1 HM24.H391986 46003071608 30/04/2018 27/01/2014 1 04/03/2013 Monograph ( Printed materials)

 

Arrupe Library. PO Box MP320 Mt Pleasant, Harare, Zimbabwe
263 242 745411|librarian@aju.ac.zw